Slovakia Economy Briefing: Government Approved State Budget 2021 in Slovakia

Štátny rozpočet na rok 2021 na Slovensku a zmeny v porovnaní s predošlým rozpočtom. Porovnanie štátnych rozpočtov v rokoch 2020 a 2021. Faktory ovplyvňujúce štátny rozpočet.

Guardado en:
Detalles Bibliográficos
Autor principal: Grešš, Martin, 1978-
Formato: Capítulo de libro
Lenguaje:inglés
Materias:
Etiquetas: Agregar Etiqueta
Sin Etiquetas, Sea el primero en etiquetar este registro!

MARC

LEADER 00000naa a2200000 4500
001 0273195
005 20240502083832.8
041 0 |a eng 
044 |a HU 
245 1 0 |a Slovakia Economy Briefing: Government Approved State Budget 2021 in Slovakia  |c Martin Grešš 
520 |a Štátny rozpočet na rok 2021 na Slovensku a zmeny v porovnaní s predošlým rozpočtom. Porovnanie štátnych rozpočtov v rokoch 2020 a 2021. Faktory ovplyvňujúce štátny rozpočet. 
610 2 0 |a rozpočet štátny 
610 2 0 |a dane 
610 2 0 |a Slovensko 
100 1 |a Grešš, Martin, 1978-